00821cam a22002411 450000100060000000300080000600500170001400800390003103500190007003500190008904000230010804100080013108200200013910000540015924501690021325000210038226000370040330000250044050400190046565000420048465000250052665000280055117737BD-RjUL20211209000202.0140217s1961 enk 001 0 eng a(BD-RjUL)17795 a(OCoLC)4916919 aDLCcNNUdDLCbeng aeng a822.2bPOE 19611 aPollard, Alfred W.q(Alfred William),d1859-1944.10aEnglish miracle plays, moralities, and interludes :bspecimens of the pre-Elizabethan drama /ced., with an introduction, notes, and glossary, by Alfred W. Pollard. a38Tth. ed., rev. aOxford :bClarendon press,c1961 aix, 250 p. ;c20 cm. aincludes index 0aMysteries and miracle-plays, English. 0aMoralities, English. 0aEnglish dramayTo 1500.